000 00548nam a2200169Ia 4500
005 20250923145123.0
008 008 250917s9999 xx 000 0 eng d
037 _aTextual
040 _aDSWL
_beng
_cDSWL
041 _aeng
_2eng
084 _aY111:1:12.73.N5y7, K0:2
_qDSWL
245 0 _aNations Children's 2 : Development & Education
_cEd.by Eli Ginsberg
260 _aNew York
_b Columbia University Press
_c1960
300 _aiv,224 p.
942 _cTEXL
_hY111:1:12.73.N5y7, K0:2
999 _c1447395
_d1447395